Čipové karty v sociální a zdravotní oblasti

Využívanie moderných informačných a komunikačných technológií v činnosti verejnej správy. Stále väčší význam elektronických identifikátorov - čipových kariet. Projekt využitia čipovej karty v zdravotníctve a zdravotnom poistení v ČR.

Salvato in:
Dettagli Bibliografici
Autore principale: Lux, Karel
Altri autori: Švorčíková, Hana, Tykačová, Eva
Natura: Capitolo di libro
Lingua:ceco
Soggetti:
Tags: Aggiungi Tag
Nessun Tag, puoi essere il primo ad aggiungerne!!

MARC

LEADER 00000naa a2200000 4500
001 r039829
005 20230913071541.1
041 0 |a cze 
044 |a CZ 
245 1 0 |a Čipové karty v sociální a zdravotní oblasti  |c Karel Lux, Hana Švorčíková, Eva Tykačová 
520 |a Využívanie moderných informačných a komunikačných technológií v činnosti verejnej správy. Stále väčší význam elektronických identifikátorov - čipových kariet. Projekt využitia čipovej karty v zdravotníctve a zdravotnom poistení v ČR. 
610 2 0 |a karty čipové 
610 2 0 |a karty identifikačné 
610 2 0 |a správa verejná 
610 2 0 |a zdravotníctvo 
610 2 0 |a Česko 
610 2 0 |a projekty 
610 2 0 |a poistenie zdravotné 
610 2 0 |a technológie informačné 
610 2 0 |a technológie komunikačné 
100 1 |a Lux, Karel 
700 1 |a Švorčíková, Hana 
700 1 |a Tykačová, Eva